B37_小学校で習わない漢字が含まれる市区町村 - Statistics

General Stats
  • This quiz has been taken 44 times
  • The average score is 344 of 698
Answer Stats
都道府県名 種類 市町村名 % Correct
三重県 津市
100%
鹿児島県 伊佐市
81%
長崎県 諫早市
77%
静岡県 伊豆市
77%
北海道 釧路市
77%
北海道 釧路町
77%
宮城県 気仙沼市
77%
熊本県 阿蘇市
73%
長野県 安曇野市
73%
徳島県 阿波市
73%
三重県 伊賀市
73%
三重県 伊勢市
73%
長野県 伊那市
73%
埼玉県 伊奈町
73%
福井県 越前市
73%
福井県 越前町
73%
千葉県 柏市
73%
岩手県 久慈市
73%
三重県 桑名市
73%
宮城県 仙台市
73%
福井県 敦賀市
73%
徳島県 那賀町
73%
沖縄県 那覇市
73%
福島県 会津美里町
69%
福島県 会津若松市
69%
新潟県 阿賀野市
69%
新潟県 阿賀町
69%
千葉県 旭市
69%
北海道 網走市
69%
鹿児島県 奄美市
69%
東京都 特別区 荒川区
69%
長崎県 壱岐市
69%
沖縄県 石垣市
69%
静岡県 伊豆の国市
69%
群馬県 伊勢崎市
69%
神奈川県 伊勢原市
69%
愛媛県 伊予市
69%
長崎県 雲仙市
69%
北海道 恵庭市
69%
滋賀県 近江八幡市
69%
岐阜県 大垣市
69%
滋賀県 大津市
69%
山梨県 甲斐市
69%
奈良県 橿原市
69%
茨城県 鹿嶋市
69%
熊本県 嘉島町
69%
東京都 特別区 葛飾区
69%
福岡県 嘉麻市
69%
京都府 亀岡市
69%
新潟県 加茂市
69%
千葉県 木更津市
69%
北海道 札幌市
69%
東京都 多摩市
69%
兵庫県 丹波篠山市
69%
兵庫県 丹波市
69%
茨城県 那珂市
69%
栃木県 那須烏山市
69%
栃木県 那須塩原市
69%
栃木県 那須町
69%
岐阜県 美濃市
69%
京都府 八幡市
69%
滋賀県 愛荘町
65%
福島県 会津坂下町
65%
鹿児島県 姶良市
65%
岡山県 赤磐市
65%
沖縄県 粟国村
65%
埼玉県 朝霞市
65%
北海道 旭川市
65%
北海道 芦別市
65%
熊本県 荒尾市
65%
兵庫県 淡路市
65%
新潟県 粟島浦村
65%
大阪府 泉大津市
65%
静岡県 伊東市
65%
大分県 臼杵市
65%
岐阜県 恵那市
65%
大阪府 柏原市
65%
愛知県 蒲郡市
65%
大分県 杵築市
65%
京都府 京丹後市
65%
京都府 京丹波町
65%
熊本県 球磨村
65%
広島県 呉市
65%
大阪府 堺市
65%
鹿児島県 薩摩川内市
65%
福井県 鯖江市
65%
宮城県 塩竈市
65%
石川県 珠洲市
65%
長野県 諏訪市
65%
秋田県 仙北市
65%
新潟県 燕市
65%
静岡県 沼津市
65%
北海道 函館市
65%
岐阜県 飛騨市
65%
神奈川県 三浦市
65%
北海道 室蘭市
65%
徳島県 藍住町
62%
兵庫県 赤穂市
62%
兵庫県 芦屋市
62%
福岡県 芦屋町
62%
山口県 阿武町
62%
宮崎県 綾町
62%
愛媛県 伊方町
62%
奈良県 生駒市
62%
北海道 石狩市
62%
鹿児島県 いちき串木野市
62%
東京都 稲城市
62%
静岡県 磐田市
62%
新潟県 魚沼市
62%
香川県 宇多津町
62%
千葉県 浦安市
62%
東京都 特別区 江戸川区
62%
岩手県 奥州市
62%
長野県 大桑村
62%
福岡県 大牟田市
62%
青森県 大鰐町
62%
東京都 小笠原村
62%
北海道 奥尻町
62%
北海道 小樽市
62%
静岡県 御前崎市
62%
岐阜県 海津市
62%
茨城県 笠間市
62%
奈良県 香芝市
62%
新潟県 柏崎市
62%
奈良県 葛城市
62%
千葉県 鎌ケ谷市
62%
神奈川県 鎌倉市
62%
三重県 亀山市
62%
佐賀県 唐津市
62%
長野県 木曽町
62%
沖縄県 宜野湾市
62%
鹿児島県 霧島市
62%
群馬県 桐生市
62%
岡山県 倉敷市
62%
宮城県 栗原市
62%
滋賀県 甲賀市
62%
島根県 江津市
62%
福島県 桑折町
62%
奈良県 御所市
62%
静岡県 御殿場市
62%
北海道 猿払村
62%
長野県 塩尻市
62%
三重県 志摩市
62%
北海道 新十津川町
62%
兵庫県 洲本市
62%
愛知県 瀬戸市
62%
鹿児島県 曽於市
62%
大阪府 高槻市
62%
北海道 | 福島県 伊達市
62%
北海道 千歳市
62%
千葉県 銚子市
62%
石川県 津幡町
62%
山形県 鶴岡市
62%
佐賀県 鳥栖市
62%
北海道 苫小牧市
62%
静岡県 西伊豆町
62%
熊本県 南阿蘇村
62%
静岡県 南伊豆町
62%
福井県 南越前町
62%
岐阜県 美濃加茂市
62%
愛媛県 八幡浜市
62%
北海道 留萌市
62%
青森県 鰺ヶ沢町
58%
京都府 綾部市
58%
福岡県 飯塚市
58%
愛知県 稲沢市
58%
兵庫県 稲美町
58%
岐阜県 揖斐川町
58%
佐賀県 伊万里市
58%
奈良県 宇陀市
58%
沖縄県 浦添市
58%
群馬県 邑楽町
58%
千葉県 大網白里市
58%
神奈川県 大磯町
58%
山形県 大江町
58%
島根県 隠岐の島町
58%
東京都 奥多摩町
58%
北海道 音威子府村
58%
広島県 尾道市
58%
愛知県 尾張旭市
58%
岐阜県 笠松町
58%
埼玉県 加須市
58%
沖縄県 嘉手納町
58%
岩手県 釜石市
58%
千葉県 鴨川市
58%
愛知県 刈谷市
58%
埼玉県 川越市
58%
三重県 川越町
58%
静岡県 菊川市
58%
京都府 木津川市
58%
千葉県 君津市
58%
宮崎県 串間市
58%
北海道 倶知安町
58%
岐阜県 下呂市
58%
愛知県 江南市
58%
山梨県 甲府市
58%
埼玉県 越谷市
58%
奈良県 五條市
58%
山形県 寒河江市
58%
大阪府 四條畷市
58%
兵庫県 宍粟市
58%
新潟県 上越市
58%
山形県 新庄市
58%
岡山県 新庄村
58%
東京都 特別区 杉並区
58%
静岡県 裾野市
58%
岡山県 瀬戸内市
58%
鹿児島県 瀬戸内町
58%
山梨県 丹波山村
58%
愛知県 津島市
58%
奈良県 十津川村
58%
富山県 砺波市
58%
香川県 土庄町
58%
大分県 中津市
58%
富山県 滑川市
58%
富山県 南砺市
58%
群馬県 沼田市
58%
北海道 沼田町
58%
山口県 萩市
58%
北海道 浜頓別町
58%
静岡県 東伊豆町
58%
愛知県 碧南市
58%
京都府 舞鶴市
58%
福島県 南会津町
58%
新潟県 南魚沼市
58%
千葉県 南房総市
58%
千葉県 茂原市
58%
滋賀県 野洲市
58%
沖縄県 与那国町
58%
北海道 羅臼町
58%
北海道 留寿都村
58%
北海道 稚内市
58%
埼玉県 蕨市
58%
愛知県 阿久比町
54%
鹿児島県 阿久根市
54%
徳島県 阿南市
54%
長野県 阿南町
54%
沖縄県 伊是名村
54%
石川県 内灘町
54%
北海道 浦河町
54%
北海道 浦幌町
54%
佐賀県 嬉野市
54%
北海道 江別市
54%
沖縄県 大宜味村
54%
大阪府 大阪狭山市
54%
愛媛県 大洲市
54%
岩手県 大船渡市
54%
埼玉県 桶川市
54%
長野県 麻績村
54%
三重県 尾鷲市
54%
静岡県 掛川市
54%
千葉県 勝浦市
54%
徳島県 勝浦町
54%
滋賀県 草津市
54%
群馬県 草津町
54%
和歌山県 串本町
54%
佐賀県 玄海町
54%
山梨県 甲州市
54%
東京都 特別区 江東区
54%
鳥取県 江府町
54%
奈良県 広陵町
54%
茨城県 五霞町
54%
香川県 琴平町
54%
長野県 佐久穂町
54%
山形県 鮭川村
54%
新潟県 佐渡市
54%
埼玉県 狭山市
54%
北海道 積丹町
54%
広島県 庄原市
54%
北海道 寿都町
54%
大阪府 摂津市
54%
宮崎県 高千穂町
54%
茨城県 高萩市
54%
北海道 滝川市
54%
大阪府 田尻町
54%
福岡県 筑後市
54%
福岡県 筑紫野市
54%
埼玉県 秩父市
54%
群馬県 嬬恋村
54%
北海道 洞爺湖町
54%
沖縄県 渡嘉敷村
54%
沖縄県 渡名喜村
54%
北海道 泊村
54%
岐阜県 中津川市
54%
長野県 南木曽町
54%
福島県 浪江町
54%
大阪府 寝屋川市
54%
大阪府 羽曳野市
54%
静岡県 浜松市
54%
東京都 檜原村
54%
神奈川県 真鶴町
54%
北海道 三笠市
54%
大阪府 岬町
54%
熊本県 水俣市
54%
北海道 紋別市
54%
神奈川県 横浜市
54%
青森県 横浜町
54%
沖縄県 与那原町
54%
北海道 利尻町
54%
長野県 阿智村
50%
茨城県 阿見町
50%
神奈川県 綾瀬市
50%
沖縄県 伊江村
50%
奈良県 斑鳩町
50%
兵庫県 猪名川町
50%
茨城県 稲敷市
50%
沖縄県 伊平屋村
50%
宮城県 岩沼市
50%
富山県 魚津市
50%
北海道 江差町
50%
広島県 江田島市
50%
長野県 王滝村
50%
岩手県 大槌町
50%
熊本県 大津町
50%
山形県 尾花沢市
50%
福井県 小浜市
50%
大阪府 貝塚市
50%
岡山県 笠岡市
50%
栃木県 鹿沼市
50%
茨城県 神栖市
50%
長野県 軽井沢町
50%
静岡県 函南町
50%
群馬県 甘楽町
50%
熊本県 菊池市
50%
愛知県 清須市
50%
鳥取県 倉吉市
50%
北海道 栗山町
50%
東京都 神津島村
50%
埼玉県 鴻巣市
50%
山梨県 小菅村
50%
和歌山県 御坊市
50%
東京都 狛江市
50%
長野県 駒ヶ根市
50%
大分県 佐伯市
50%
福島県 鮫川村
50%
北海道 占冠村
50%
北海道 斜里町
50%
山形県 庄内町
50%
北海道 白糠町
50%
北海道 新篠津村
50%
大阪府 吹田市
50%
奈良県 曽爾村
50%
福島県 只見町
50%
長野県 辰野町
50%
香川県 多度津町
50%
茨城県 筑西市
50%
茨城県 土浦市
50%
北海道 弟子屈町
50%
長野県 東御市
50%
福岡県 那珂川市
50%
栃木県 那珂川町
50%
滋賀県 長浜市
50%
埼玉県 滑川町
50%
愛媛県 新居浜市
50%
福島県 西会津町
50%
福島県 檜枝岐村
50%
兵庫県 姫路市
50%
大分県 姫島村
50%
静岡県 藤枝市
50%
北海道 幌加内町
50%
北海道 幌延町
50%
埼玉県 本庄市
50%
岡山県 美咲町
50%
岐阜県 瑞穂市
50%
東京都 瑞穂町
50%
鹿児島県 南大隅町
50%
三重県 御浜町
50%
静岡県 焼津市
50%
神奈川県 横須賀市
50%
北海道 利尻富士町
50%
滋賀県 竜王町
50%
茨城県 龍ケ崎市
50%
埼玉県 上尾市
46%
兵庫県 尼崎市
46%
香川県 綾川町
46%
奈良県 安堵町
46%
鹿児島県 伊仙町
46%
兵庫県 伊丹市
46%
青森県 板柳町
46%
福島県 猪苗代町
46%
京都府 伊根町
46%
北海道 岩見沢市
46%
北海道 浦臼町
46%
北海道 雨竜町
46%
島根県 邑南町
46%
山梨県 忍野村
46%
京都府 笠置町
46%
石川県 金沢市
46%
愛知県 蟹江町
46%
新潟県 刈羽村
46%
静岡県 河津町
46%
福岡県 苅田町
46%
沖縄県 宜野座村
46%
東京都 清瀬市
46%
千葉県 鋸南町
46%
大分県 玖珠町
46%
北海道 佐呂間町
46%
岩手県 雫石町
46%
北海道 標津町
46%
長野県 下諏訪町
46%
高知県 須崎市
46%
三重県 鈴鹿市
46%
東京都 特別区 墨田区
46%
新潟県 聖籠町
46%
千葉県 匝瑳市
46%
秋田県 大仙市
46%
新潟県 胎内市
46%
宮崎県 高鍋町
46%
愛知県 高浜市
46%
福井県 高浜町
46%
岩手県 滝沢市
46%
佐賀県 武雄市
46%
福岡県 太宰府市
46%
神奈川県 茅ヶ崎市
46%
長野県 茅野市
46%
新潟県 津南町
46%
長野県 天龍村
46%
愛知県 常滑市
46%
北海道 中標津町
46%
長崎県 長与町
46%
山梨県 鳴沢村
46%
京都府 南丹市
46%
北海道 南幌町
46%
愛知県 西尾市
46%
奈良県 野迫川村
46%
石川県 羽咋市
46%
神奈川県 秦野市
46%
岩手県 八幡平市
46%
広島県 廿日市市
46%
島根県 浜田市
46%
長崎県 東彼杵町
46%
神奈川県 平塚市
46%
山梨県 笛吹市
46%
神奈川県 藤沢市
46%
千葉県 富津市
46%
山梨県 北杜市
46%
長崎県 松浦市
46%
香川県 丸亀市
46%
岐阜県 瑞浪市
46%
東京都 三鷹市
46%
新潟県 見附市
46%
和歌山県 | 愛知県 | 福井県 美浜町
46%
埼玉県 三芳町
46%
徳島県 牟岐町
46%
福岡県 柳川市
46%
秋田県 由利本荘市
46%
鹿児島県 和泊町
46%
熊本県 芦北町
42%
宮城県 大衡村
42%
奈良県 大淀町
42%
福岡県 岡垣町
42%
島根県 奥出雲町
42%
長野県 小布施町
42%
福島県 葛尾村
42%
三重県 木曽岬町
42%
愛媛県 鬼北町
42%
鹿児島県 肝付町
42%
鹿児島県 錦江町
42%
岩手県 葛巻町
42%
京都府 久御山町
42%
奈良県 黒滝村
42%
鳥取県 琴浦町
42%
三重県 菰野町
42%
徳島県 佐那河内村
42%
東京都 特別区 渋谷区
42%
福島県 須賀川市
42%
千葉県 袖ケ浦市
42%
長野県 喬木村
42%
岡山県 高梁市
42%
兵庫県 宝塚市
42%
山口県 田布施町
42%
福岡県 筑前町
42%
大分県 津久見市
42%
岡山県 津山市
42%
埼玉県 鶴ヶ島市
42%
千葉県 東庄町
42%
長崎県 時津町
42%
北海道 豊頃町
42%
青森県 中泊町
42%
埼玉県 長瀞町
42%
北海道 中頓別町
42%
和歌山県 那智勝浦町
42%
石川県 七尾市
42%
山梨県 西桂町
42%
熊本県 錦町
42%
山梨県 韮崎市
42%
長野県 野沢温泉村
42%
東京都 八丈町
42%
群馬県 東吾妻町
42%
鹿児島県 東串良町
42%
滋賀県 彦根市
42%
鳥取県 伯耆町
42%
北海道 北斗市
42%
静岡県 牧之原市
42%
島根県 松江市
42%
山口県 美祢市
42%
新潟県 妙高市
42%
大阪府 八尾市
42%
長野県 泰阜村
42%
高知県 檮原町
42%
鳥取県 湯梨浜町
42%
京都府 与謝野町
42%
静岡県 吉田町
42%
奈良県 吉野町
42%
鹿児島県 与論町
42%
北海道 蘭越町
42%
宮城県 亘理町
42%
北海道 厚沢部町
38%
福島県 飯舘村
38%
長野県 飯綱町
38%
埼玉県 越生町
38%
高知県 越知町
38%
千葉県 御宿町
38%
青森県 風間浦村
38%
秋田県 上小阿仁村
38%
北海道 神恵内村
38%
北海道 喜茂別町
38%
北海道 剣淵町
38%
佐賀県 江北町
38%
滋賀県 甲良町
38%
宮崎県 椎葉村
38%
長野県 信濃町
38%
千葉県 芝山町
38%
京都府 精華町
38%
広島県 世羅町
38%
青森県 外ヶ浜町
38%
栃木県 高根沢町
38%
長野県 筑北村
38%
鳥取県 智頭町
38%
北海道 秩父別町
38%
高知県 津野町
38%
北海道 鶴居村
38%
長野県 豊丘村
38%
熊本県 長洲町
38%
群馬県 中之条町
38%
福島県 楢葉町
38%
岡山県 西粟倉村
38%
高知県 仁淀川町
38%
栃木県 芳賀町
38%
埼玉県 蓮田市
38%
北海道 羽幌町
38%
北海道 浜中町
38%
兵庫県 播磨町
38%
鳥取県 日吉津村
38%
滋賀県 東近江市
38%
埼玉県 東秩父村
38%
青森県 深浦町
38%
大阪府 藤井寺市
38%
群馬県 藤岡市
38%
福島県 双葉町
38%
富山県 舟橋村
38%
北海道 北竜町
38%
鹿児島県 枕崎市
38%
東京都 御蔵島村
38%
奈良県 御杖村
38%
三重県 南伊勢町
38%
長野県 南箕輪村
38%
大阪府 箕面市
38%
長野県 箕輪町
38%
長野県 御代田町
38%
栃木県 茂木町
38%
沖縄県 八重瀬町
38%
山口県 柳井市
38%
福島県 柳津町
38%
新潟県 弥彦村
38%
北海道 湧別町
38%
秋田県 湯沢市
38%
新潟県 湯沢町
38%
島根県 吉賀町
38%
埼玉県 吉川市
38%
滋賀県 栗東市
38%
熊本県 苓北町
38%
福井県 若狭町
38%
北海道 雄武町
35%
北海道 音更町
35%
福岡県 粕屋町
35%
福島県 川俣町
35%
熊本県 菊陽町
35%
岡山県 吉備中央町
35%
福岡県 桂川町
35%
宮崎県 五ヶ瀬町
35%
福岡県 篠栗町
35%
北海道 更別村
35%
宮城県 色麻町
35%
群馬県 渋川市
35%
長野県 下條村
35%
北海道 紗那村
35%
長野県 須坂市
35%
北海道 壮瞥町
35%
北海道 鷹栖町
35%
福島県 棚倉町
35%
青森県 鶴田町
35%
鹿児島県 徳之島町
35%
愛媛県 砥部町
35%
北海道 豊浦町
35%
鹿児島県 西之表市
35%
秋田県 八峰町
35%
埼玉県 鳩山町
35%
北海道 美瑛町
35%
奈良県 東吉野村
35%
静岡県 袋井市
35%
山梨県 富士吉田市
35%
愛知県 扶桑町
35%
徳島県 松茂町
35%
埼玉県 松伏町
35%
岐阜県 御嵩町
35%
埼玉県 皆野町
35%
神奈川県 南足柄市
35%
栃木県 壬生町
35%
茨城県 美浦村
35%
宮崎県 三股町
35%
京都府 宮津市
35%
岐阜県 八百津町
35%
愛知県 弥富市
35%
佐賀県 吉野ヶ里町
35%
徳島県 吉野川市
35%
青森県 蓬田村
35%
岐阜県 輪之内町
35%
北海道 乙部町
31%
北海道 上士幌町
31%
熊本県 甲佐町
31%
北海道 色丹村
31%
宮城県 柴田町
31%
北海道 蘂取村
31%
北海道 士幌町
31%
山形県 白鷹町
31%
群馬県 榛東村
31%
神奈川県 逗子市
31%
福岡県 添田町
31%
北海道 滝上町
31%
北海道 津別町
31%
島根県 津和野町
31%
北海道 奈井江町
31%
千葉県 長柄町
31%
北海道 新冠町
31%
兵庫県 西脇市
31%
秋田県 八郎潟町
31%
秋田県 東成瀬村
31%
北海道 美唄市
31%
北海道 美幌町
31%
福岡県 福津市
31%
岩手県 普代村
31%
茨城県 鉾田市
31%
青森県 三沢市
31%
宮崎県 諸塚村
31%
埼玉県 毛呂山町
31%
岡山県 矢掛町
31%
岩手県 矢巾町
31%
鹿児島県 湧水町
31%
千葉県 横芝光町
31%
群馬県 吉岡町
31%
長崎県 川棚町
27%
福岡県 鞍手町
27%
岡山県 里庄町
27%
宮城県 七ヶ浜町
27%
福岡県 志免町
27%
和歌山県 白浜町
27%
福岡県 須恵町
27%
埼玉県 杉戸町
27%
鹿児島県 龍郷町
27%
熊本県 津奈木町
27%
福岡県 東峰村
27%
北海道 当麻町
27%
北海道 苫前町
27%
北海道 長沼町
27%
福島県 塙町
27%
愛知県 東浦町
27%
熊本県 人吉市
27%
宮崎県 日之影町
27%
山形県 舟形町
27%
北海道 真狩村
27%
熊本県 御船町
27%
千葉県 睦沢町
27%
奈良県 山添村
27%
福岡県 吉富町
27%
山形県 米沢市
27%
佐賀県 上峰町
23%
岩手県 紫波町
23%
山形県 高畠町
23%
埼玉県 所沢市
23%
山形県 戸沢村
23%
福島県 磐梯町
23%
北海道 広尾町
23%
青森県 弘前市
23%
青森県 藤崎町
23%
福島県 古殿町
23%
福島県 矢吹町
23%
埼玉県 横瀬町
23%
埼玉県 吉見町
23%
埼玉県 嵐山町
23%
福岡県 福智町
19%
秋田県 藤里町
19%
熊本県 山江村
19%
宮城県 涌谷町
15%
No matching quizzes found
Score Distribution
Percent of People with Each Score
Percentile by Number Answered
Your Score History
You have not taken this quiz